Statistics for 中国大陆蜜雪冰城常规单品All Single Products in Mixue in China Mainland

Click here to take the quiz!

General Stats

  • This quiz has been taken 57 times
  • The average score is 9 of 36

Answer Stats

答案% Correct
珍珠奶茶
67%
蜜桃四季春
56%
冰鲜柠檬水
54%
新鲜冰淇淋
50%
棒打鲜橙
46%
港式杨枝甘露
41%
椰果奶茶
35%
雪王雪顶咖啡
35%
雪王大圣代(芒果/草莓/奥利奥)
35%
芋圆葡萄
33%
布丁奶茶
31%
美式咖啡
30%
满杯百香果
30%
草莓摇摇奶昔
28%
芋圆奶茶
28%
拿铁咖啡
26%
双拼奶茶
24%
三拼霸霸奶茶
22%
草莓啵啵
20%
柠檬绿茶
20%
茉莉绿茶
19%
莓果三姐妹
19%
原味奶茶
17%
芝士奶盖四季春
15%
厚芋泥奶茶
13%
高山四季春茶
13%
菠萝甜心橙
13%
百香芒芒
13%
咖啡椰椰
11%
芝士奶盖绿茶
11%
桑葚莓莓
11%
桑葚摇摇奶昔
9%
芋泥好暖椰
7%
清兰乌龙奶茶
6%
双芋抹茶
4%
抹茶大圣代(包括双炫)
4%

Score Distribution

Percentile by Number Answered

Percent of People with Each Score

Your Score History

You have not taken this quiz